The complete robot /

Bibliographic Details
Main Author: Asimov, Isaac, 1920-1992
Format: Book
Language:English
Published: Garden City, N.Y. : Doubleday, 1982.
Edition:1st ed.
Subjects:

MARC

Tag First Indicator Second Indicator Subfields
LEADER 00000cam a2200000 a 4500
001 in00000086741
005 20151008062736.0
008 810420s1982 nyu 00011 eng
010 |a  81043134  
019 |a 9679300 
020 |a 0385177240 :  |c $19.95 
035 |a (OCoLC)07554694 
035 |9 AAK0841AM 
039 0 |a 2  |b 3  |c 3  |d 3  |e 3 
040 |a DLC  |c DLC  |d TXA  |d UtOrBLW 
049 |a TXAS  |c [A08606019]  |a TXAM  |c 1 [1673503] 
050 0 0 |a PS3551.S5  |b C6 1982 
082 0 |a 813/.54  |2 19 
100 1 |a Asimov, Isaac,  |d 1920-1992. 
245 1 4 |a The complete robot /  |c by Isaac Asimov. 
250 |a 1st ed. 
264 1 |a Garden City, N.Y. :  |b Doubleday,  |c 1982. 
300 |a xiv, 557 pages ;  |c 22 cm. 
336 |a text  |b txt  |2 rdacontent 
337 |a unmediated  |b n  |2 rdamedia 
338 |a volume  |b nc  |2 rdacarrier 
650 0 |a Science fiction, American. 
650 0 |a Robots  |v Fiction. 
999 |a MARS 
999 f f |s 72041528-cfa2-3394-ae3a-7626249a83c6  |i c878bcee-7244-354b-9aa5-93d254249c00  |t 0 
952 f f |p normal  |a Texas A&M University  |b College Station  |c Sterling C. Evans Library  |s Evans stk  |d Evans: Library Stacks  |t 0  |e PS3551.S5 C6 1982  |h Library of Congress classification  |i unmediated -- volume  |m A14805981054 
998 f f |a PS3551.S5 C6 1982  |t 0  |l Evans: Library Stacks